000 00414nam a2200169Ia 4500
001 15468
003 IN-NITTTR
005 20251114233145.0
008 251113s9999||||xx |||||||||||||| ||eng||
040 _beng
040 _cIN-NITTTR
041 _aeng
082 _a620.18823 F914C
100 _aFriend, Wayne Z.
245 0 _aCorrosion of nickel and nickel- base alloys. /
_cFriend, Wayne Z.
942 _2ddc
_cBK
999 _c18102
_d18102